| 000 | 00592nam a22001457a 4500 | ||
|---|---|---|---|
| 082 | _a629.8 | ||
| 100 |
_aRukhsar, Muhammad Khurram _9126508 |
||
| 245 |
_aDetection and Recognition of Medicine Packaging and Information Using Deep Learning and Computer Vision / _cMuhammad Khurram Rukhsar |
||
| 264 |
_aIslamabad : _bSMME- NUST. _c 2024. |
||
| 300 |
_a101p. ; _bSoft Copy _c30cm. |
||
| 650 |
_aMS Robotics and Intelligent Machine Engineering _9119486 |
||
| 700 |
_aSupervisor: Dr. Sara Ali _9119733 |
||
| 856 | _uhttp://10.250.8.41:8080/xmlui/handle/123456789/47355 | ||
| 942 |
_2ddc _cTHE |
||
| 999 |
_c612181 _d612181 |
||